[Event "Rome Cittadino La Lupa"]
[Site "Rome"]
[Date "2011.06.16"]
[Round "7"]
[White "Palocci, Claudio"]
[Black "Bolla, Vittorio"]
[Result "1/2-1/2"]
[WhiteElo "1637"]
[BlackElo "1771"]
[PlyCount "110"]
[EventDate "2011.05.05"]
[EventType "swiss"]
[EventRounds "7"]
[EventCountry "ITA"]
[SourceTitle "EXT 2024"]
[Source "ChessBase"]
[SourceDate "2023.10.10"]
[SourceVersion "1"]
[SourceVersionDate "2023.10.10"]
[SourceQuality "1"]

1. e4 e6 2. d4 d5 3. Nd2 Nf6 4. Bd3 c5 5. e5 Nfd7 6. c3 Nc6 7. Ngf3 cxd4 8. cxd4 Nb4 9. Be2 Qc7 10. 0-0 f6 11. exf6 Nxf6 12. a3 Nc6 13. Nb3 Bd6 14. Be3 0-0 15. h3 e5 16. dxe5 Nxe5 17. Nxe5 Bxe5 18. Rc1 Qe7 19. Bc5 Bd6 20. Bxd6 Qxd6 21. Nd4 a6 22. Bf3 Bd7 23. Qd2 Rfe8 24. Rfe1 Rac8 25. Rxe8+ Rxe8 26. Rd1 Qe5 27. Ne2 Bc6 28. Qd4 Re7 29. Qxe5 Rxe5 30. Nd4 Bd7 31. Kf1 Kf8 32. Re1 Rxe1+ 33. Kxe1 Ke7 34. Kd2 Kd6 35. Kd3 Ke5 36. Nb3 b6 37. Nd4 b5 38. b4 Ne4 39. Bxe4 dxe4+ 40. Kc3 h6 41. Nc2 g6 42. Ne3 g5 43. Nc2 h5 44. Ne3 h4 45. Nf1 g4 46. hxg4 Bxg4 47. Nh2 Be6 48. Nf1 Kf4 49. Kd4 h3 50. gxh3 Bxh3 51. Ne3 Kf3 52. Nd1 Bf5 53. Ke5 Bg6 54. Kd4 Bh7 55. Ke5 Bg6 1/2-1/2

[Event "Rome Cittadino La Lupa"]
[Site "Rome"]
[Date "2011.05.05"]
[Round "1"]
[White "Dorascenzi, Angelo"]
[Black "Bolla, Vittorio"]
[Result "0-1"]
[WhiteElo "1395"]
[BlackElo "1771"]
[PlyCount "60"]
[EventDate "2011.05.05"]
[EventType "swiss"]
[EventRounds "7"]
[EventCountry "ITA"]
[SourceTitle "EXT 2024"]
[Source "ChessBase"]
[SourceDate "2023.10.10"]
[SourceVersion "1"]
[SourceVersionDate "2023.10.10"]
[SourceQuality "1"]

1. e4 e6 2. d3 d5 3. Nd2 c5 4. g3 Nc6 5. Bg2 g6 6. Ngf3 Bg7 7. 0-0 Nf6 8. Re1 0-0 9. Nb3 b6 10. Bg5 h6 11. Bxf6 Bxf6 12. e5 Bg7 13. c3 Bb7 14. a3 c4 15. dxc4 dxc4 16. Nbd4 Qc7 17. Qe2 Nxd4 18. Nxd4 Bxg2 19. Kxg2 Rfd8 20. Kg1 Rd5 21. Nf3 Rad8 22. Qe4 Rc5 23. Rad1 Rxd1 24. Rxd1 Bxe5 25. Qa8+ Kg7 26. Rd8 Bf6 27. Rg8+ Kh7 28. Qe8 Rd5 29. Qf8 Rd8 30. Qxf7+ Qxf7 0-1

[Event "Rome Accademia Primavera op"]
[Site "Rome"]
[Date "2011.04.01"]
[Round "1"]
[White "Bolla, Vittorio"]
[Black "Chiaretti, Roberto"]
[Result "0-1"]
[WhiteElo "1782"]
[BlackElo "2214"]
[PlyCount "86"]
[EventDate "2011.04.01"]
[EventType "swiss"]
[EventRounds "5"]
[EventCountry "ITA"]
[SourceTitle "EXT 2023"]
[Source "ChessBase"]
[SourceDate "2022.10.05"]
[SourceVersion "1"]
[SourceVersionDate "2022.10.05"]
[SourceQuality "1"]

1. e4 e6 2. d4 d5 3. Nd2 dxe4 4. Nxe4 Nd7 5. Nf3 Ngf6 6. Bd3 Nxe4 7. Bxe4 Nf6 8. Bd3 c5 9. 0-0 cxd4 10. Nxd4 Be7 11. Bb5+ Bd7 12. Qe2 Bxb5 13. Qxb5+ Qd7 14. Qxd7+ Nxd7 15. Be3 0-0 16. Rfd1 Nf6 17. f3 Rfc8 18. c3 Nd5 19. Bd2 Bc5 20. Kf1 Bxd4 21. cxd4 Rc2 22. Rab1 Kf8 23. Ke1 Rc4 24. a3 Ke8 25. Bc1 Rac8 26. Kf2 Kd7 27. Kg3 Rc2 28. Bd2 R8c4 29. Bc1 Re2 30. h3 Rcc2 31. Rg1 Kc6 32. f4 Ne7 33. Kg4 Rxg2+ 34. Rxg2 Rxg2+ 35. Kf3 Rh2 36. Kg3 Rh1 37. Kg2 Rd1 38. b4 Kd5 39. Kf3 Kc4 40. Ke2 Rh1 41. Ra1 Nd5 42. h4 Kb3 43. Kf3 Kc2 0-1

[Event "Rome Nobile Memorial 4th"]
[Site "Rome"]
[Date "2011.02.23"]
[Round "6"]
[White "Ricci, Stefano"]
[Black "Bolla, Vittorio"]
[Result "1-0"]
[WhiteElo "1518"]
[BlackElo "1782"]
[PlyCount "89"]
[EventDate "2011.01.13"]
[EventType "swiss"]
[EventRounds "7"]
[EventCountry "ITA"]
[SourceTitle "EXT 2012"]
[Source "ChessBase"]
[SourceDate "2011.11.24"]
[SourceVersion "1"]
[SourceVersionDate "2011.11.24"]
[SourceQuality "1"]

1. e4 e6 2. d4 d5 3. e5 c5 4. c3 Nc6 5. Nf3 Qb6 6. Bd3 cxd4 7. cxd4 Bd7 8. a3 Nxd4 9. Nxd4 Qxd4 10. Qe2 Qb6 11. 0-0 Rc8 12. Kh1 Ne7 13. Nd2 Nf5 14. Nf3 Be7 15. Bxf5 exf5 16. Be3 Bc5 17. Bxc5 Rxc5 18. b4 Rc4 19. Rfd1 Be6 20. Ng5 h6 21. Nxe6 fxe6 22. Qh5+ Kf8 23. Rac1 Qc7 24. Rxc4 Qxc4 25. Qg6 Qg4 26. Qxg4 fxg4 27. Rc1 Kf7 28. Rc7+ Kg6 29. Rxb7 Rc8 30. g3 Rd8 31. Kg1 d4 32. Kf1 Rd5 33. Ke2 Rxe5+ 34. Kd2 Rd5 35. Rxa7 Kf6 36. Ra5 Rd6 37. b5 e5 38. Ra6 Ke6 39. a4 Kd7 40. Ra7+ Kc8 41. a5 g5 42. b6 Kb8 43. Re7 Rd5 44. a6 Kc8 45. Rc7+ 1-0

[Event "Rome Accademia Autumn"]
[Site "Rome"]
[Date "2010.10.09"]
[Round "3"]
[White "Bolla, Vittorio"]
[Black "Capitelli, Paolo"]
[Result "0-1"]
[WhiteElo "1790"]
[BlackElo "2128"]
[PlyCount "112"]
[EventDate "2010.10.08"]
[EventType "swiss"]
[EventRounds "5"]
[EventCountry "ITA"]
[SourceTitle "EXT 2024"]
[Source "ChessBase"]
[SourceDate "2023.10.10"]
[SourceVersion "1"]
[SourceVersionDate "2023.10.10"]
[SourceQuality "1"]

1. e4 c5 2. Nf3 e6 3. c3 d5 4. exd5 Qxd5 5. d4 Nf6 6. Be2 Be7 7. 0-0 0-0 8. c4 Qd8 9. Nc3 Nc6 10. d5 exd5 11. Nxd5 Nxd5 12. cxd5 Nb4 13. Bc4 Bf5 14. Ne1 Be4 15. Be3 Bxd5 16. Bxd5 Nxd5 17. Bd2 Bf6 18. Qc2 Rc8 19. Nf3 Qb6 20. Qe4 Qe6 21. Qxe6 fxe6 22. Rfe1 Rfe8 23. Ne5 Nb4 24. Bxb4 cxb4 25. f4 Rc2 26. Rab1 Rd8 27. Red1 Rxd1+ 28. Rxd1 Bxe5 29. Rd8+ Kf7 30. fxe5 Rxb2 31. Rd7+ Kg6 32. Rxb7 a5 33. g4 Re2 34. h4 Rxe5 35. h5+ Kf6 36. Kf2 Rc5 37. Kf3 h6 38. Ra7 Rc3+ 39. Ke4 Ra3 40. Ra8 Rxa2 41. Rf8+ Ke7 42. Rb8 Re2+ 43. Kf3 Rb2 44. Ra8 Ra2 45. Rb8 Ra3+ 46. Kf4 Rc3 47. Ke5 Rc5+ 48. Kf4 Kf7 49. Rb7+ Kf6 50. Rb8 Rc4+ 51. Kf3 a4 52. Rf8+ Ke7 53. Rh8 b3 54. Rb8 Rc3+ 55. Ke4 a3 56. Kd4 Rg3 0-1

[Event "Rome ASR op"]
[Site "Rome"]
[Date "2010.09.30"]
[Round "4"]
[White "Bolla, Vittorio"]
[Black "Zarfati, Daniele"]
[Result "1-0"]
[WhiteElo "1790"]
[BlackElo "1589"]
[PlyCount "45"]
[EventDate "2010.09.16"]
[EventType "swiss"]
[EventRounds "5"]
[EventCountry "ITA"]
[SourceTitle "EXT 2024"]
[Source "ChessBase"]
[SourceDate "2023.10.10"]
[SourceVersion "1"]
[SourceVersionDate "2023.10.10"]
[SourceQuality "1"]

1. e4 c5 2. Nf3 d6 3. Bb5+ Bd7 4. a4 Nf6 5. Nc3 g6 6. 0-0 Bg7 7. Re1 0-0 8. d4 a6 9. Bxd7 Nbxd7 10. e5 dxe5 11. dxe5 Ng4 12. e6 Nb6 13. exf7+ Rxf7 14. Qe2 Qc7 15. h3 Rxf3 16. hxg4 Rxc3 17. bxc3 Bxc3 18. Bh6 e5 19. a5 Bxe1 20. axb6 Bxf2+ 21. Qxf2 Qxb6 22. Rf1 Qd6 23. Qf7+ 1-0

[Event "Rome ASR op"]
[Site "Rome"]
[Date "2010.09.28"]
[Round "3"]
[White "De Santis, Emilio"]
[Black "Bolla, Vittorio"]
[Result "1/2-1/2"]
[WhiteElo "1875"]
[BlackElo "1790"]
[PlyCount "105"]
[EventDate "2010.09.16"]
[EventType "swiss"]
[EventRounds "5"]
[EventCountry "ITA"]
[SourceTitle "EXT 2024"]
[Source "ChessBase"]
[SourceDate "2023.10.10"]
[SourceVersion "1"]
[SourceVersionDate "2023.10.10"]
[SourceQuality "1"]

1. Nf3 Nf6 2. c4 c5 3. d4 cxd4 4. Nxd4 Nc6 5. g3 g6 6. Bg2 Bg7 7. 0-0 0-0 8. Nc3 a6 9. Rb1 Re8 10. Nxc6 dxc6 11. Qc2 e5 12. b4 Be6 13. Na4 Qd4 14. c5 Bf5 15. e4 Nxe4 16. Be3 Nf6 17. Qxf5 gxf5 18. Bxd4 exd4 19. Rbd1 Rad8 20. Bf3 Nd5 21. a3 Nc3 22. Nxc3 dxc3 23. Rc1 Rd2 24. Rfd1 Rdd8 25. Re1 Bd4 26. Re2 Rxe2 27. Bxe2 Bf6 28. Rc2 Rd2 29. Rxd2 cxd2 30. Bd1 Bb2 31. a4 Ba3 32. b5 axb5 33. axb5 Bxc5 34. bxc6 bxc6 35. Kf1 Bb4 36. Ke2 Kg7 37. h4 h6 38. Kd3 Kf6 39. f3 c5 40. Bb3 Ke5 41. f4+ Kd6 42. Bd1 Kc6 43. Kc4 Ba3 44. h5 f6 45. Kd3 Bc1 46. Kc4 Kd6 47. Kd3 Kd5 48. Bf3+ Kd6 49. Bd1 Bb2 50. Kxd2 Kd5 51. Bc2 Kd4 52. Bxf5 c4 53. g4 1/2-1/2

[Event "Rome La Lupa op"]
[Site "Rome"]
[Date "2010.05.27"]
[Round "4"]
[White "Bolla, Vittorio"]
[Black "Bogosavljevic, Miodrag"]
[Result "1/2-1/2"]
[WhiteElo "1773"]
[BlackElo "1898"]
[PlyCount "97"]
[EventDate "2010.05.09"]
[EventType "swiss"]
[EventRounds "7"]
[EventCountry "ITA"]
[SourceTitle "EXT 2024"]
[Source "ChessBase"]
[SourceDate "2023.10.10"]
[SourceVersion "1"]
[SourceVersionDate "2023.10.10"]
[SourceQuality "1"]

1. e4 c5 2. Nf3 a6 3. c3 d6 4. Bc4 Nf6 5. d3 g6 6. 0-0 Bg7 7. Re1 Nc6 8. a3 0-0 9. Bf4 Nh5 10. Be3 Bg4 11. h3 Bxf3 12. Qxf3 Ne5 13. Qe2 Nxc4 14. dxc4 Qc7 15. Nd2 Nf6 16. Bf4 Qc6 17. Nf3 Nd7 18. e5 dxe5 19. Nxe5 Nxe5 20. Bxe5 f6 21. Bg3 e5 22. Rad1 Rad8 23. Rxd8 Rxd8 24. Rd1 Rxd1+ 25. Qxd1 Qe6 26. Qd5 Qxd5 27. cxd5 c4 28. f4 e4 29. Bf2 f5 30. Bc5 Kf7 31. Kf2 h5 32. h4 Bf6 33. g3 Be7 34. Bd4 Bd6 35. Ke3 Ke7 36. Bb6 Kd7 37. Kd4 Bc7 38. Bxc7 Kxc7 39. Kxc4 Kd6 40. Kd4 b5 41. b3 Kd7 42. c4 Kd6 43. cxb5 axb5 44. a4 Kc7 45. axb5 Kb7 46. d6 Kb6 47. b4 Kb7 48. Kc4 Kb6 49. Kd4 1/2-1/2

[Event "Rome La Lupa op"]
[Site "Rome"]
[Date "2010.05.27"]
[Round "5"]
[White "Catalini, Giampiero"]
[Black "Bolla, Vittorio"]
[Result "0-1"]
[WhiteElo "1958"]
[BlackElo "1773"]
[PlyCount "76"]
[EventDate "2010.05.09"]
[EventType "swiss"]
[EventRounds "7"]
[EventCountry "ITA"]
[SourceTitle "EXT 2024"]
[Source "ChessBase"]
[SourceDate "2023.10.10"]
[SourceVersion "1"]
[SourceVersionDate "2023.10.10"]
[SourceQuality "1"]

1. d4 Nf6 2. Nf3 c5 3. d5 e6 4. Nc3 d6 5. e4 a6 6. a4 Be7 7. Be2 0-0 8. 0-0 e5 9. Rb1 Bg4 10. h3 Bxf3 11. Bxf3 Nbd7 12. b4 Rb8 13. Be3 Qc7 14. b5 a5 15. Ne2 Nb6 16. c3 Rbc8 17. Ng3 Nc4 18. Nf5 Nxe3 19. fxe3 b6 20. c4 g6 21. Ng3 Qd7 22. Qd3 h5 23. Rf2 Nh7 24. Kh2 Bh4 25. Rbf1 Qe7 26. Qe2 Qg5 27. Nh1 Bxf2 28. Qxf2 f5 29. h4 Qh6 30. Ng3 f4 31. exf4 Qxf4 32. Kg1 Qxh4 33. Nh1 Qxf2+ 34. Nxf2 Ng5 35. Nd3 Rf7 36. Kh2 Rcf8 37. Kg3 Nxe4+ 38. Kh4 Nd2 0-1

[Event "Rome Accademia Winter"]
[Site "Rome"]
[Date "2010.02.13"]
[Round "3"]
[White "Quimi, Marco"]
[Black "Bolla, Vittorio"]
[Result "1-0"]
[WhiteElo "2147"]
[BlackElo "1786"]
[PlyCount "47"]
[EventDate "2010.02.12"]
[EventType "swiss"]
[EventRounds "5"]
[EventCountry "ITA"]
[SourceTitle "EXT 2024"]
[Source "ChessBase"]
[SourceDate "2023.10.10"]
[SourceVersion "1"]
[SourceVersionDate "2023.10.10"]
[SourceQuality "1"]

1. e4 e6 2. d4 d5 3. e5 c5 4. c3 Nc6 5. Nf3 Qb6 6. a3 c4 7. Nbd2 Na5 8. g3 Bd7 9. Bg2 Be7 10. 0-0 f5 11. exf6 gxf6 12. Re1 0-0-0 13. Qe2 Bd6 14. Bh3 Re8 15. Nh4 Ne7 16. Ndf3 Ng6 17. Bh6 Rhg8 18. Ng2 Nb3 19. Rad1 Qc7 20. Ne3 Bf4 21. Nxd5 exd5 22. Qxe8+ Rxe8 23. Rxe8+ Qd8 24. Bxd7+ 1-0

[Event "Rome Nobile Memorial 3rd"]
[Site "Rome"]
[Date "2010.01.20"]
[Round "2"]
[White "Bolla, Vittorio"]
[Black "Bogosavljevic, Miodrag"]
[Result "0-1"]
[WhiteElo "1786"]
[BlackElo "1983"]
[PlyCount "96"]
[EventDate "2010.01.14"]
[EventType "swiss"]
[EventRounds "6"]
[EventCountry "ITA"]
[SourceTitle "EXT 2024"]
[Source "ChessBase"]
[SourceDate "2023.10.10"]
[SourceVersion "1"]
[SourceVersionDate "2023.10.10"]
[SourceQuality "1"]

1. e4 c5 2. Nf3 d6 3. Bb5+ Bd7 4. Bxd7+ Qxd7 5. 0-0 Nc6 6. c3 Nf6 7. Qe2 g6 8. Rd1 Qg4 9. Re1 Bg7 10. d4 cxd4 11. cxd4 0-0 12. Nc3 Rfc8 13. h3 Qd7 14. Bf4 Nh5 15. Be3 a6 16. Rad1 Qc7 17. Qd2 Na5 18. Nd5 Qd8 19. Nxe7+ Qxe7 20. Qxa5 Qxe4 21. Bh6 Qc6 22. Bxg7 Nxg7 23. Qd2 Qd5 24. Qb4 Rc4 25. Qb3 Ne6 26. Rc1 b5 27. Rxc4 bxc4 28. Qc3 Rc8 29. b3 Qb5 30. Nd2 Qd5 31. Nf3 Rc7 32. b4 Nf4 33. Qe3 Nd3 34. Re2 Kg7 35. a3 a5 36. Ne1 axb4 37. Nxd3 cxd3 38. Qxd3 bxa3 39. Qxa3 Qxd4 40. Re3 Rc2 41. Qb3 Rc1+ 42. Kh2 Qf4+ 43. Rg3 Qxf2 44. h4 h5 45. Rf3 Qxh4+ 46. Rh3 Qf4+ 47. Rg3 h4 48. Qb2+ Kh7 0-1

[Event "Rome Steinitz op 1st"]
[Site "Rome"]
[Date "2002.07.06"]
[Round "3"]
[White "Dentale, Enrico"]
[Black "Bolla, Vittorio"]
[Result "0-1"]
[WhiteElo "1483"]
[BlackElo "1603"]
[PlyCount "138"]
[EventDate "2002.07.05"]
[EventType "swiss"]
[EventRounds "5"]
[EventCountry "ITA"]
[SourceTitle "EXT 2007"]
[Source "ChessBase"]
[SourceDate "2006.11.23"]
[SourceVersion "1"]
[SourceVersionDate "2006.11.23"]
[SourceQuality "1"]

1. d4 Nf6 2. Nf3 c5 3. e3 e6 4. Bd3 d5 5. c3 Bd6 6. Nbd2 a6 7. 0-0 Nbd7 8. Qe2 c4 9. Bc2 b5 10. e4 dxe4 11. Nxe4 Qc7 12. Nxd6+ Qxd6 13. Ne5 Bb7 14. Bg5 Qd5 15. f3 Qd6 16. Rad1 0-0 17. Nxd7 Nxd7 18. Be4 Bd5 19. Be7 Qxe7 20. Bxd5 Ra7 21. Rfe1 Nf6 22. Be4 Qc7 23. Bc2 Raa8 24. Qe5 Qxe5 25. Rxe5 Nd5 26. Be4 Rad8 27. Bxd5 Rxd5 28. Rxd5 exd5 29. Re1 Rd8 30. Re7 Kf8 31. Ra7 Rd6 32. Kf2 g6 33. g4 g5 34. h3 Kg7 35. Re7 Kg6 36. Re8 Kg7 37. Rc8 h6 38. Rc5 Kg6 39. b3 cxb3 40. axb3 Kf6 41. Ke2 Ke6 42. Rc8 Ke7 43. Rc7+ Kf6 44. Kd3 Ke6 45. Ke3 Kf6 46. f4 Re6+ 47. Kf3 gxf4 48. Kxf4 Re4+ 49. Kf3 Re7 50. Rxe7 Kxe7 51. Kf4 Kf6 52. h4 a5 53. Ke3 a4 54. bxa4 bxa4 55. Kd2 Ke6 56. Kc2 Kd6 57. Kb2 Kc6 58. h5 f6 59. Ka3 Kb5 60. Ka2 Kc4 61. Ka3 Kxc3 62. Kxa4 Kxd4 63. Kb4 Ke3 64. Kc5 d4 65. Kd5 d3 66. Ke6 d2 67. Kxf6 d1Q 68. Kg6 Qxg4+ 69. Kxh6 Kf4 0-1

[Event "Rome Steinitz op 1st"]
[Site "Rome"]
[Date "2002.07.05"]
[Round "1"]
[White "Bolla, Vittorio"]
[Black "Maddaloni, Giovanni"]
[Result "0-1"]
[WhiteElo "1603"]
[BlackElo "1547"]
[PlyCount "78"]
[EventDate "2002.07.05"]
[EventType "swiss"]
[EventRounds "5"]
[EventCountry "ITA"]
[SourceTitle "EXT 2007"]
[Source "ChessBase"]
[SourceDate "2006.11.23"]
[SourceVersion "1"]
[SourceVersionDate "2006.11.23"]
[SourceQuality "1"]

1. e4 d6 2. d4 Nf6 3. Nc3 a6 4. Be3 b5 5. f3 Nbd7 6. Qd2 e5 7. g4 Be7 8. h4 exd4 9. Bxd4 c5 10. Be3 Ne5 11. h5 Bb7 12. Be2 Qa5 13. g5 b4 14. gxf6 bxc3 15. Qxc3 Qxc3+ 16. bxc3 Bxf6 17. Kd2 0-0-0 18. Bd3 c4 19. Bf1 d5 20. Bb6 dxe4+ 21. Bxd8 Rxd8+ 22. Kc1 exf3 23. Bh3+ Kc7 24. Rh2 Bg5+ 25. Kb2 Bf4 26. Rf2 Be3 27. Rff1 f2 28. Ne2 Rd2 29. Nd4 Nd3+ 30. Ka3 Nf4 31. Bf5 g6 32. hxg6 hxg6 33. Bg4 Bxd4 34. cxd4 f5 35. Rad1 Rxc2 36. d5 fxg4 37. Rh1 Bxd5 38. Rh7+ Kd6 39. Rh8 g3 0-1